00640 2200205 4500001002100000008004100021035002000062245010600082100001700188250001000205260002600215300002800241020001800269084001400287520004900301520003300350082000800383650003100391990001200422INLIS000000000016151 ind  a0010-0423000168 aSeri Sains Terkini : Data Super yang Memuat SegalanyacJeon Pangyo;penyunting, D. Tyagita Ayuningtyas aJEON, Pangyo acet.1 aJakarta :bM&C,c2019 a170 hal.: ilus.c25 cm. a9786024803490 a507 JEO s aJudul asli : Ddotty & Sleepground : Big Data aalih bahasa, Primastuti Dewi a507 aSAINS-STUDI DAN PENGAJARAN a10981 a